Normal view
MARC view
Entry Personal Name
001 - CONTROL NUMBER
- control field: 507790
003 - CONTROL NUMBER IDENTIFIER
- control field: OSt
005 - DATE AND TIME OF LATEST TRANSACTION
- control field: 20220928144456.0
008 - FIXED-LENGTH DATA ELEMENTS
- fixed length control field: 220928|| aca||aabn | a|a d
040 ## - CATALOGING SOURCE
- Original cataloging agency: OSt
- Transcribing agency: OSt
100 ## - HEADING--PERSONAL NAME
- Personal name: Abd-Al-Aziz
670 ## - SOURCE DATA FOUND
- Source citation: Work cat.: (OSt)827314: Abd-Al-Aziz, Islam and the race question., 1970
